| 000 | 00654aaa a22001931a 4500 | ||
|---|---|---|---|
| 001 | 78591 | ||
| 003 | BD-RjUL | ||
| 005 | 20211209083139.0 | ||
| 008 | 211018s1950 pk ||||| |||| 00| e urd d | ||
| 035 | _a(BD-RjUL)78817 | ||
| 040 |
_aBD-RjUL _beng _cBD-RjUL |
||
| 041 | _aurd | ||
| 082 |
_223 _a891.5509 _bMat 1950 |
||
| 245 | _aپاکستان کی علاقائی زبان پر فرسی کا اتر =The influence of Persian on the regional language of Pakistan / | ||
| 260 |
_aکراچی : _bادارہ مطبوعات پاکستان , _c1950 |
||
| 300 |
_a74 p. ; _c18 cm |
||
| 650 |
_aPersian Literature _vhistory & Criticism _9249122 |
||
| 942 |
_2ddc _cBK |
||
| 999 |
_c78591 _d78591 |
||